000 00441nam a2200133 a 4500
001 000039034
005 20201002031451.0
008 130514s2011 cl a 000 0 spa d
020 _a9789587055832
040 _aDO-SdBNP
_bspa
_cBNPHU
245 1 0 _aVayan y enseñen :
_bidentidad y misión de la escuela católica en el cambio de época, a la luz de aparecida.
260 _aBogotá :
_bEdiciones SM,
_c2011.
300 _a48 p. :
_bils. ;
_c22 cm.
999 _c38524
_d38524